| 000 | 00000nam##2200000za#4500 |
| 001 | 9.579794 |
| 003 | CaOODSP |
| 005 | 20210624190730 |
| 007 | cr ||||||||||| |
| 008 | 150406|2001||||xxc|||||o f|0| 0 eng|d |
| 040 | |aCaOODSP|beng |
| 043 | |an-cn--- |
| 086 | 1 |aEn163-1/1E-PDF |
| 110 | 1 |aCanada. |bEnvironment Canada. |bOntario Region. |
| 245 | 10|aJar headspace analytical screening procedure |h[electronic resource] |
| 260 | |aDownsview - Ontario : |bEnvironment Canada. |
| 300 | |a2p.|billus., references |
| 490 | 1 |aTABs on contaminated sites |vTAB #1 |
| 590 | |a14-12-Supp|b2014-05-30 |
| 690 | 07|aWater pollution|2gcpds |
| 690 | 07|aSoil pollution|2gcpds |
| 775 | 08|tProcédure d'analyse de tête |w(CaOODSP)9.607050 |
| 830 | #0|aTABs on contaminated sites ;|vTAB #1|w(CaOODSP)9.507838 |
| 856 | 40|ahttp://publications.gc.ca|qPDF|s72 KB|uhttps://publications.gc.ca/collections/collection_2014/ec/En163-1-1-eng.pdf|yTAB #1 |